000 01458nam a2200337 4500
003 OSt
005 20260530113900.0
008 260507b1997 ve a|||| |||| 00| 0 spa d
020 _a9802597457
040 _aICI
_bspa
_cICI
041 _ave
050 _aNC998.5
_bD57 1997
100 1 _aCentro de Arte La Estancia • PDVSA
_932151
245 1 0 _aDiseño gráfico en Venezuela :
_bDGV 70.80.90.
250 _aEdición 1997.
264 1 _bCentro de Arte La Estancia (PDVSA),
_c1997
300 _a192 páginas :
_bilustraciones a color ;
336 _atexto
_2rdacontent
337 _asin medio
_2rdamedia
338 _avolumen
_2rdacarrier
500 _aCatálogo de exposición sobre diseño gráfico venezolano contemporáneo.
500 _aIncluye obras y diseños de Nedo M.F., Gerd Leufert, Álvaro Sotillo y Santiago Pol, entre otros.
520 _aPanorama histórico y visual del diseño gráfico en Venezuela durante las décadas de 1970, 1980 y 1990, con énfasis en identidad visual, cartelismo y comunicación gráfica contemporánea.
650 _aGraphic design
_vVenezuela
_xHistory
_y20th century
_932152
650 _aGraphic artists
_zVenezuela.
_932153
650 _aVisual communication
_vVenezuela.
_932154
650 _aDiseño gráfico
_vVenezuela
_xHistoria
_ySiglo XX.
_932155
650 _aDiseñadores gráficos
_zVenezuela
_932156
710 _aCentro de Arte La Estancia (Venezuela),
_eeditor
_932157
942 _2lcc
_cBK
_n1
999 _c11741
_d11741